000 00981 a2200241 4500
001 28862
005 20260407155557.0
008 260407a2011 arg spa d
003 AR-UNSa-BCEJYS
040 _aAR-UNSa-BCEJYS
_bspa
_cAR-UNSa-BCEJYS
080 _a17
_xFilosofía moral. Ética. Filosofía práctica
245 1 0 _aPrimero la gente
_puna mirada desde la ética del desarrollo a los principales problemas del mundo globalizado
250 _a9a. ed.
264 1 _aBuenos Aires :
_bTemas Grupo Editorial
_c2011
300 _a348 p.
_c22 cm.
505 _a1. Temas claves del siglo XXI - 2. Los desafíos éticos abiertos en un continente paradojal - 3. Las religiones y la deuda social de nuestro tiempo
041 _aspa
942 _cBK
590 _aniveau_biblio:m niveau_hierar:0
100 1 _aKliksberg, Bernardo
700 1 _aSen, Amartya
856 4 1 _uhttps://biblioeco.unsa.edu.ar/pmb/images/libros/Primero la gente-L118273.jpg
_yImagen de portada
_qimage/jpeg
999 _c1746
_d1746